00282nam a2200109Ia 4500008004000000082001600040100001500056245002500071260004000096300001200136650002400148210210b2006 xxu||||| |||| 00| 0 eng d a303.62 GOPG aGOPAL (K). aGujarat pogrom 2002. aU PbJanupuri Shiksha Missionc2006 axiv,306 aGujarat Riot Godhra